The Art of Aging : (Record no. 609778)

MARC details
000 -LEADER
fixed length control field 00511nam a2200193 a 4500
001 - CONTROL NUMBER
control field 1769940912781
003 - CONTROL NUMBER IDENTIFIER
control field YourLibrary
005 - DATE AND TIME OF LATEST TRANSACTION
control field 20260201163840.0
008 - FIXED-LENGTH DATA ELEMENTS--GENERAL INFORMATION
fixed length control field 260201s2008##################000#0#eng##
020 ## - INTERNATIONAL STANDARD BOOK NUMBER
International Standard Book Number 9780812975413
082 04 - DEWEY DECIMAL CLASSIFICATION NUMBER
Classification number 305.26
Item number NUL
040 ## - CATALOGING SOURCE
Original cataloging agency YourLibrary
Language of cataloging eng
Transcribing agency YourLibrary
100 1# - MAIN ENTRY--PERSONAL NAME
Personal name Nuland, Sherwin B.,
Relator term author.
245 10 - TITLE STATEMENT
Title The Art of Aging :
260 ## - PUBLICATION, DISTRIBUTION, ETC.
Name of publisher, distributor, etc. Random House Trade Paperbacks,
Date of publication, distribution, etc. 2008.
300 ## - PHYSICAL DESCRIPTION
Extent 338 pages
650 #0 - SUBJECT ADDED ENTRY--TOPICAL TERM
Topical term or geographic name entry element Health & Fitness.
942 ## - ADDED ENTRY ELEMENTS (KOHA)
Koha item type English Books
Holdings
Withdrawn status Lost status Damaged status Not for loan Home library Current library Shelving location Date acquired Total Checkouts Full call number Barcode Date last seen Price effective from Koha item type
        Anna Centenary Library Anna Centenary Library 3RD FLOOR, B WING 01.02.2026   305.26 NUL 419386 01.02.2026 01.02.2026 English Books

Find us on the map